Statistics for Countries Closest to United States A-Z

Click here to take the quiz!

General Stats

  • This quiz has been taken 36,221 times
  • The average score is 16 of 24

Answer Stats

LetterCountry% Correct
CCanada
99%
MMexico
94%
BBahamas
82%
HHaiti
81%
JJamaica
77%
GGuatemala
76%
DDominican Republic
75%
VVenezuela
75%
YYemen
73%
RRussia
73%
QQatar
73%
PPanama
73%
ZZambia
71%
NNicaragua
71%
EEl Salvador
69%
AAntigua and Barbuda
68%
OOman
67%
IIceland
56%
SSt. Kitts and Nevis
56%
TTrinidad and Tobago
56%
UUnited Kingdom
56%
KKiribati
36%
FF. S. Micronesia
32%
LLuxembourg
15%

Score Distribution

Percentile by Number Answered

Percent of People with Each Score

Your Score History

You have not taken this quiz